Yogic Wealth: (Record no. 211476)

MARC details
000 -LEADER
fixed length control field 00533nam a22001937a 4500
005 - DATE AND TIME OF LATEST TRANSACTION
control field 20250530172919.0
010 ## - LCCN (DPL NO)
LC control number ENG-145072
020 ## - INTERNATIONAL STANDARD BOOK NUMBER
Terms of availability 599.00
International Standard Book Number 9789384061401
035 ## - SYSTEM CONTROL NUMBER
System control number EN-128604
037 ## - SOURCE OF ACQUISITION
Source of stock number/acquisition DBAD
082 ## - DEWEY DECIMAL CLASSIFICATION NUMBER
Classification number 338.95483
100 ## - MAIN ENTRY--PERSONAL NAME
Personal name Mashuwala's, Gaurav
245 ## - TITLE STATEMENT
Title Yogic Wealth:
Remainder of title The Wealth That Gives Bliss!/
Statement of responsibility, etc Gaurav Mashuwala's
250 ## - EDITION STATEMENT
Edition statement 1
260 ## - PUBLICATION, DISTRIBUTION, ETC. (IMPRINT)
Name of publisher, distributor, etc TV 18 Broadcast Ltd
Place of publication, distribution, etc 2015
Date of publication, distribution, etc Mumbai
270 ## - ADDRESS
City Mumbai
300 ## - PHYSICAL DESCRIPTION
Extent 201p.
Dimensions 24cm(hb)
942 ## - ADDED ENTRY ELEMENTS (KOHA)
Source of classification or shelving scheme Dewey Decimal Classification
Item type English Books
Classification part 338.95483
Call number suffix MAS
Holdings
Withdrawn status Lost status Not for loan Collection code Home library Current library Date acquired Source of acquisition Cost, normal purchase price Full call number Barcode Copy number Cost, replacement price Koha item type
      Non-fiction New Police Line New Police Line 30/05/2025 Delivery of Books Act Division 599.00 338.95483 MAS EN-128604 1 599.00 English Books

© Delhi Public Library
Hit Counter
free hit counter